000 00755cam a2200241 a 4500
001 000006348
005 20200929153923.0
008 830713s1982 mx 001 f spa
020 _a9684342292
040 _aDO-SdBNP
_bspa
_cDLC
_dBNPHU
082 _aMe863.2
_bC352h
100 1 _aCastillo, Florencio M. del,
_d1828-1863.
_917673
245 1 0 _aHermana de los ángeles /
_cFlorencio M. del Castillo.
260 _aMéxico, D.F. :
_bPremia Editora,
_c1982.
300 _a129 p. ;
_a21 cm.
490 1 _aLa Matraca
_v1
650 4 _aNovela mexicana
_93959
650 4 _aLiteratura mexicana
_91922
710 2 _aConsejo Nacional de Fomento Educativo
_917674
830 0 _aLa Matraca ;
_v1
_917675
910 _aCatalogación por copia / LC
049 _aBNGR
999 _c6143
_d6143